00709nam a2200265Ia 450000500170000000800460001702000180006303700100008104000080009104000080009904000080010704100080011504100080012308400080013110000250013924500590016426000230022326000090024636500050025536500080026085600530026894200100032199900210033195200910035220260324131413.0008 260324s9999 xx 000 0 eng d a9781315606743 aEBOOK aCRL beng cCRL 2eng aeng qCRL aLynda Pratt91185392 0aRobert Southey and the Contexts of English Romanticism bTaylor and Francis c2006 a b240 uhttp://www.taylorfrancis.com/books/9781315606743 cEBOOK c1782497d1782497 00104070aCRLbCRLd2026-03-24l0pCL2064667r2026-03-24 13:14:13w2026-03-24yEBOOK